| 000 | 00924nam a22002417a 4500 | ||
|---|---|---|---|
| 001 | 47637 | ||
| 003 | BD-RjUL | ||
| 005 | 20211209054345.0 | ||
| 008 | 160809s1980 bg ||||| |||| 00| 0 ben d | ||
| 020 | _c: TK 10.00 | ||
| 035 | _a(BD-RjUL)47756 | ||
| 040 |
_aBD-RjUL _bben _cBD-RjUL |
||
| 041 | _aben | ||
| 082 |
_223 _a638 _bIDI 1980 |
||
| 100 |
_aইদরিস, এস. এম. _9144766 |
||
| 245 | 1 | 0 |
_aইসলামের আলোকে কয়েকটি উপকারী পোকা / _cএস. এম. ইদরিস |
| 260 |
_aঢাকা : _bইসলামিক ফাউন্ডেশন, _c১৯৮০ |
||
| 300 |
_a[২০], ১১৩ পৃ. : _bচিত্র ; _c২১ সেমি |
||
| 504 | _aগ্রন্থপঞ্জি সম্বলিত | ||
| 650 |
_aBeneficial insects _9144767 |
||
| 650 |
_aসুবিধাজনক পোকা _9144768 |
||
| 942 |
_2ddc _cBK |
||
| 999 |
_c47637 _d47637 |
||